Monsters vs aliens (Record no. 149)
[ view plain ]
| 000 -LEADER | |
|---|---|
| fixed length control field | 03040cgm a2200625Ia 4500 |
| 003 - CONTROL NUMBER IDENTIFIER | |
| control field | data |
| 005 - DATE AND TIME OF LATEST TRANSACTION | |
| control field | 20260322212008.0 |
| 007 - PHYSICAL DESCRIPTION FIXED FIELD--GENERAL INFORMATION | |
| fixed length control field | data |
| 008 - FIXED-LENGTH DATA ELEMENTS--GENERAL INFORMATION | |
| fixed length control field | data |
| 020 ## - INTERNATIONAL STANDARD BOOK NUMBER | |
| International Standard Book Number | 1415750254 |
| 020 ## - INTERNATIONAL STANDARD BOOK NUMBER | |
| International Standard Book Number | 9781415750254 |
| 024 10 - OTHER STANDARD IDENTIFIER | |
| Standard number or code | 097361197548 |
| 028 42 - PUBLISHER OR DISTRIBUTOR NUMBER | |
| Publisher or distributor number | 11975 |
| Source | DreamWorks Home Entertainment |
| 037 ## - SOURCE OF ACQUISITION | |
| Source of stock number/acquisition | Midwest Tape |
| Note | http://www.midwesttapes.com |
| 040 ## - CATALOGING SOURCE | |
| Original cataloging agency | TEFMT |
| Transcribing agency | TEFMT |
| Modifying agency | IA4 |
| -- | BTCTA |
| -- | GK8 |
| -- | RNC |
| -- | GK8 |
| -- | IA4 |
| 041 1# - LANGUAGE CODE | |
| Language code of text/sound track or separate title | spa |
| -- | fre |
| -- | spa |
| Language code of original | eng |
| 043 ## - GEOGRAPHIC AREA CODE | |
| Geographic area code | n-us--- |
| 082 04 - DEWEY DECIMAL CLASSIFICATION NUMBER | |
| Classification number | 791.43/72 |
| Edition information | 22 |
| 090 ## - LOCALLY ASSIGNED LC-TYPE CALL NUMBER (OCLC); LOCAL CALL NUMBER (RLIN) | |
| Classification number (OCLC) (R) ; Classification number, CALL (RLIN) (NR) | DVD 620 |
| 001 - CONTROL NUMBER | |
| control field | data |
| 245 10 - TITLE STATEMENT | |
| Title | Monsters vs aliens |
| Medium | [videorecording (DVD)] / |
| Statement of responsibility, etc. | Lisa Stewart ... [et al.]. |
| 260 ## - PUBLICATION, DISTRIBUTION, ETC. | |
| Place of publication, distribution, etc. | [Glendale, CA] : |
| Name of publisher, distributor, etc. | DreamWorks Home Entertainment, |
| Date of publication, distribution, etc. | c2009. |
| 300 ## - PHYSICAL DESCRIPTION | |
| Extent | 1 videodisc (94 min.) : |
| Other physical details | sd., col. ; |
| Dimensions | 4 3/4 in. |
| 500 ## - GENERAL NOTE | |
| General note | Special features: Filmmakers' commentary; "Modern monster movie-making" featurette; "Tech of MVA" featurette; Deleted scenes; DreamWorks animation video jukebox; Trailers. |
| 508 ## - CREATION/PRODUCTION CREDITS NOTE | |
| Creation/production credits note | Editors, Joyce Arrastia, Eric Dapkewicz ; music, Henry Jackman ; production designer, David James ; head of character animation, David Burgess.. |
| 511 0# - PARTICIPANT OR PERFORMER NOTE | |
| Participant or performer note | Voices: Reese Witherspoon, Seth Rogen, Hugh Laurie, Will Arnett, Kiefer Sutherland, Rainn Wilson, Stephen Colbert, Paul Rudd. |
| 520 ## - SUMMARY, ETC. | |
| Summary, etc. | Susan Murphy gets turned into a giant monster on her wedding day when a meteorite from outer space hits her. She is taken to a secret government compound where she meets a ragtag group of monsters also rounded up over the years. As a last resort, under the guidance of General W.R. Monger, on a desperate order from The President, the motley group of Monsters are called into action to combat the aliens and save the world from imminent destruction. |
| 521 8# - TARGET AUDIENCE NOTE | |
| Target audience note | MPAA rating: PG; for sci-fi action, some crude humor and mild language. |
| 538 ## - SYSTEM DETAILS NOTE | |
| System details note | DVD, region 1, widescreen (2.35) presentation; Dolby Digital 5.1 surround, Dolby Digital 2.0 stereo. |
| 546 ## - LANGUAGE NOTE | |
| Language note | English (Dolby 5.1, Dolby 2.0), dubbed French (Dolby 5.1) or dubbed Spanish (Dolby 5.1) dialogue, English, French or Spanish subtitles; closed-captioned. |
| 650 #0 - SUBJECT ADDED ENTRY--TOPICAL TERM | |
| Topical term or geographic name entry element | Monsters |
| Form subdivision | Drama. |
| 650 #0 - SUBJECT ADDED ENTRY--TOPICAL TERM | |
| Topical term or geographic name entry element | Extraterrestrial beings |
| Form subdivision | Drama. |
| 650 #0 - SUBJECT ADDED ENTRY--TOPICAL TERM | |
| Topical term or geographic name entry element | Military bases |
| Geographic subdivision | United States |
| Form subdivision | Drama. |
| 650 #0 - SUBJECT ADDED ENTRY--TOPICAL TERM | |
| Topical term or geographic name entry element | Generals |
| Geographic subdivision | United States |
| Form subdivision | Drama. |
| 650 #0 - SUBJECT ADDED ENTRY--TOPICAL TERM | |
| Topical term or geographic name entry element | Presidents |
| Geographic subdivision | United States |
| Form subdivision | Drama. |
| 650 #0 - SUBJECT ADDED ENTRY--TOPICAL TERM | |
| Topical term or geographic name entry element | Battles |
| Geographic subdivision | United States |
| Form subdivision | Drama. |
| 650 #0 - SUBJECT ADDED ENTRY--TOPICAL TERM | |
| Topical term or geographic name entry element | Animated films. |
| 655 #7 - INDEX TERM--GENRE/FORM | |
| Genre/form data or focus term | Fantasy films. |
| Source of term | gsafd. |
| 655 #7 - INDEX TERM--GENRE/FORM | |
| Genre/form data or focus term | Science fiction films. |
| Source of term | gsafd. |
| 700 1# - ADDED ENTRY--PERSONAL NAME | |
| Personal name | Stewart, Lisa. |
| 700 1# - ADDED ENTRY--PERSONAL NAME | |
| Personal name | Letterman, Rob. |
| 700 1# - ADDED ENTRY--PERSONAL NAME | |
| Personal name | Vernon, Conrad. |
| 700 1# - ADDED ENTRY--PERSONAL NAME | |
| Personal name | Forbes, Maya. |
| 700 1# - ADDED ENTRY--PERSONAL NAME | |
| Personal name | Witherspoon, Reese, |
| Dates associated with a name | 1976- |
| 700 1# - ADDED ENTRY--PERSONAL NAME | |
| Personal name | Rogen, Seth, |
| Dates associated with a name | 1982- |
| 700 1# - ADDED ENTRY--PERSONAL NAME | |
| Personal name | Laurie, Hugh, |
| Dates associated with a name | 1959- |
| 700 1# - ADDED ENTRY--PERSONAL NAME | |
| Personal name | Arnett, Will. |
| 700 1# - ADDED ENTRY--PERSONAL NAME | |
| Personal name | Sutherland, Kiefer, |
| Dates associated with a name | 1966- |
| 700 1# - ADDED ENTRY--PERSONAL NAME | |
| Personal name | Wilson, Rainn, |
| Dates associated with a name | 1968- |
| 700 1# - ADDED ENTRY--PERSONAL NAME | |
| Personal name | Colbert, Stephen, |
| Dates associated with a name | 1964- |
| 700 1# - ADDED ENTRY--PERSONAL NAME | |
| Personal name | Rudd, Paul. |
| 710 2# - ADDED ENTRY--CORPORATE NAME | |
| Corporate name or jurisdiction name as entry element | DreamWorks Animation. |
| 710 2# - ADDED ENTRY--CORPORATE NAME | |
| Corporate name or jurisdiction name as entry element | DreamWorks Home Entertainment (Firm) |
| 730 0# - ADDED ENTRY--UNIFORM TITLE | |
| Uniform title | Monsters vs. aliens (Motion picture) |
| Withdrawn status | Lost status | Damaged status | Not for loan | Home library | Current library | Shelving location | Date acquired | Total checkouts | Full call number | Barcode | Date last seen | Price effective from | Koha item type |
|---|---|---|---|---|---|---|---|---|---|---|---|---|---|
| Pleasant Valley | Pleasant Valley | General stacks | 22/03/2026 | 791.43/72 22 | BC0010153 | 22/03/2026 | 22/03/2026 | Books |